Probability and statistics for engineering and the sciences /
Enregistré dans:
| Auteur principal: | |
|---|---|
| Autres auteurs: | , |
| Format: | Livre |
| Publié: |
Belmont, CA :
Thomson/Brooks/Cole,
c2008.
|
| Édition: | 7th ed. |
| Sujets: | |
| Accès en ligne: | http://www.loc.gov/catdir/enhancements/fy1104/2006932557-b.html http://www.loc.gov/catdir/enhancements/fy1104/2006932557-d.html http://www.loc.gov/catdir/enhancements/fy1212/2006932557-t.html |
| Tags: |
Ajouter un tag
Pas de tags, Soyez le premier à ajouter un tag!
|
MARC
| LEADER | 00000cam a2200000 a 4500 | ||
|---|---|---|---|
| 020 | |a 0495382175 |c TZS 78,000/= | ||
| 020 | |a 9780495382232 |c TZS 78,000/= | ||
| 040 | |a MUL |b eng |e AACR | ||
| 082 | 0 | 0 | |a 519 DEV |
| 100 | 1 | |a Devore, Jay L. | |
| 245 | 1 | 0 | |a Probability and statistics for engineering and the sciences / |c Jay L. Devore. |
| 250 | |a 7th ed. | ||
| 260 | |a Belmont, CA : |b Thomson/Brooks/Cole, |c c2008. | ||
| 300 | |a xvi, 720 p. : |b ill. (some col.) ; |c 26 cm. | ||
| 504 | |a Includes bibliographical references and index. | ||
| 650 | 0 | |a Probabilities. | |
| 650 | 0 | |a Mathematical statistics. | |
| 700 | |a Engineering--Statistical methods | ||
| 700 | |a Statistics | ||
| 856 | 4 | 2 | |u http://www.loc.gov/catdir/enhancements/fy1104/2006932557-b.html |
| 856 | 4 | 2 | |u http://www.loc.gov/catdir/enhancements/fy1104/2006932557-d.html |
| 856 | 4 | 1 | |u http://www.loc.gov/catdir/enhancements/fy1212/2006932557-t.html |
| 942 | |c BK | ||
| 999 | |c 10433 |d 10433 | ||